000 00883nam a2200253Ia 4500
001 10755
003 GE_BSU
008 181216s||||||||xx |||||||||||||| ||und||
020 _a978994157790
040 _cGE_BSU
080 _a81'374.822=351.41=351.1
100 _aცოცანიძე,გიორგი
245 _aთუშური ლექსიკონი.
245 _cმხატვ:დავით მაჭავარიანი.
250 _aმეორე შევსებული და შესწორებული გამოცემა.
260 _aთბილისი
260 _bბაკურ სულაკაურის გამ-ბა.
260 _c2012
300 _a319გვ;24სმ.
300 _bილ.
541 _h19ლ.90თ.
653 _aთუშური ლექსიკონი.
942 _cBK
999 _c44005
_d44005